|
|
|
|
| LEADER |
00859nam a22002652a 4500 |
| 001 |
001173267 |
| 003 |
CZ BrMZK |
| 005 |
20120410121343.0 |
| 007 |
ta |
| 008 |
111010s1978 xr er|||||||||||cze d |
| 015 |
|
|
|a cnb000413600
|
| 035 |
|
|
|a (OCoLC)42179532
|
| 040 |
|
|
|a ABA001
|b cze
|c CBA001
|d ABA001
|d BOA001
|
| 100 |
1 |
|
|a Simon, Jaroslav,
|d 1906-1990
|7 jk01111326
|4 aut
|
| 245 |
1 |
0 |
|a Zušlechťování úpletů /
|c Jaroslav Simon, Miroslav Kvapil
|
| 250 |
|
|
|a 1. vyd.
|
| 260 |
|
|
|a Praha :
|b Státní nakladatelství technické literatury,
|c 1978
|
| 300 |
|
|
|a 365 s. ;
|c 8°
|
| 504 |
|
|
|a Obsahuje bibliografii
|
| 500 |
|
|
|a 1200 výt.
|
| 700 |
1 |
|
|a Kvapil, Miroslav,
|d 1918-
|7 jk01071159
|4 aut
|
| 910 |
|
|
|a BOA001
|b 2-0784.999
|
| 990 |
|
|
|a BK
|
| 991 |
|
|
|b 201110
|
| 996 |
6 |
|
|b 2619482018
|c 2-0784.999
|l MZK
|r Sklad / do 1 hodiny
|n 0
|w 001206758
|u 000010
|a 1
|e BOA001
|j MZK50
|s P
|